00285nam a2200121Ia 4500008004100000100002500041245002200066260003000088300000900118650001200127942000700139999001700146190216s9999||||xx |||||||||||||| ||und|| aKnut Schmidt Nielsen 0aAnimal Physiology bPrentice Hall Indiac1958 a118p aZoology cBK c37314d37314